Nutrition and agricultural development : (Record no. 37024)
[ view plain ]
| 000 -LEADER | |
|---|---|
| fixed length control field | 01480nam a2200337 a 4500 |
| 001 - CONTROL NUMBER | |
| control field | 37024 |
| 003 - CONTROL NUMBER IDENTIFIER | |
| rucl marc code | BD-RjUL |
| 005 - DATE AND TIME OF LATEST TRANSACTION | |
| control field | 20211209052553.0 |
| 008 - FIXED-LENGTH DATA ELEMENTS--GENERAL INFORMATION | |
| fixed length control field | 141001s1976 nyua b 101 0 eng |
| 020 ## - INTERNATIONAL STANDARD BOOK NUMBER | |
| International Standard Book Number | 0306365073 |
| 035 ## - SYSTEM CONTROL NUMBER | |
| System control number | (BD-RjUL)37126 |
| 040 ## - CATALOGING SOURCE | |
| Original cataloging agency | DLC |
| Transcribing agency | DLC |
| Modifying agency | DLC |
| -- | BD-RjUL |
| Language of cataloging | eng |
| 041 ## - LANGUAGE CODE | |
| Language code of text/sound track or separate title | eng |
| 082 00 - DEWEY DECIMAL CLASSIFICATION NUMBER | |
| Classification number | 338.1913 |
| Author mark and year | SYN 1976 |
| 111 2# - MAIN ENTRY--MEETING NAME | |
| Meeting name or jurisdiction name as entry element | Symposium on Nutrition and Agricultural and Economic Development in the Tropics, |
| Location of meeting | Guatemala, |
| Date of meeting | 1974. |
| 9 (RLIN) | 113161 |
| 245 10 - TITLE STATEMENT | |
| Title | Nutrition and agricultural development : |
| Remainder of title | significance and potential for the tropics : [proceedings of the Fourteenth International Biological Symposium, held in Guatemala City, Guatemala, December 2-6, 1974] / |
| Statement of responsibility, etc. | edited by Nevin S. Scrimshaw and Moisés Béhar. |
| 260 ## - PUBLICATION, DISTRIBUTION, ETC. (IMPRINT) | |
| Place of publication, distribution, etc. | New York : |
| Name of publisher, distributor, etc. | Plenum Press, |
| Date of publication, distribution, etc. | c1976. |
| 300 ## - PHYSICAL DESCRIPTION | |
| Pagination | xxiv, 500 p. : |
| Illustrations | ill. ; |
| Size | 24 cm. |
| 500 ## - GENERAL NOTE | |
| General note | Held in celebration of the 25th anniversary of the Institute of Nutrition of Central America and Panama. |
| 504 ## - BIBLIOGRAPHY, ETC. NOTE | |
| Bibliography, etc | Includes bibliographical references and indexes. |
| 650 #0 - SUBJECT ADDED ENTRY--TOPICAL TERM | |
| Topical term or geographic name as entry element | Food supply |
| General subdivision | Tropics |
| -- | Congresses. |
| 9 (RLIN) | 113156 |
| Topical term or geographic name as entry element | Nutrition |
| General subdivision | Congresses. |
| 9 (RLIN) | 43380 |
| Topical term or geographic name as entry element | Agriculture |
| General subdivision | Tropics |
| -- | Congresses. |
| 9 (RLIN) | 113157 |
| 700 1# - ADDED ENTRY--PERSONAL NAME | |
| Personal name | Scrimshaw, Nevin S. |
| Personal name | Béhar, Moisés. |
| 710 2# - ADDED ENTRY--CORPORATE NAME | |
| Corporate name or jurisdiction name as entry element | Institute of Nutrition of Central America and Panama. |
| 9 (RLIN) | 113160 |
| 942 ## - ADDED ENTRY ELEMENTS (KOHA) | |
| Source of classification or shelving scheme | Dewey Decimal Classification |
| Koha item type | Books |
| Lost status | Source of classification or shelving scheme | Damaged status | Not for loan | Collection code | Permanent Location | Current Location | Shelving location | Date acquired | Source of acquisition | Total Checkouts | Full call number | Date last seen | Copy number | Koha item type |
|---|---|---|---|---|---|---|---|---|---|---|---|---|---|---|
| Dewey Decimal Classification | Not For Loan | Non-fiction | Institute of Biological Sciences (IBSc) Library | Institute of Biological Sciences (IBSc) Library | 01/10/2014 | British council | 338.1913 SYN 1976 | 01/10/2014 | C-1 | Books |